| 000 -LEADER |
| fixed length control field |
00555nam a22001937a 4500 |
| 008 - FIXED-LENGTH DATA ELEMENTS--GENERAL INFORMATION |
| fixed length control field |
150925b xxu||||| |||| 00| 0 eng d |
| 020 ## - INTERNATIONAL STANDARD BOOK NUMBER |
| International Standard Book Number |
81439038338 (student ed.) |
| 020 ## - INTERNATIONAL STANDARD BOOK NUMBER |
| International Standard Book Number |
1439038333 (student ed.) |
| 041 0# - LANGUAGE CODE |
| Language code of text/sound track or separate title |
eng |
| 080 ## - UNIVERSAL DECIMAL CLASSIFICATION NUMBER |
| Universal Decimal Classification number |
336 |
| 100 1# - Rafti |
| Rafti |
Madura, Jeff. |
| 245 10 - TITLE STATEMENT |
| Title |
International financial management / |
| Statement of responsibility, etc |
Jeff Madura. |
| 250 ## - |
| -- |
10th ed. |
| 260 ## - |
| -- |
Australia ; |
| -- |
Mason, OH : |
| -- |
Cengage Learning, |
| -- |
2010. |
| 300 ## - |
| -- |
xxxi, 709 f. : |
| -- |
me il.; |
| -- |
26 cm. |
| 650 #0 - |
| -- |
Financa ndërkombëtare |
| 650 #0 - |
| -- |
Menaxhim |
| 942 ## - ADDED ENTRY ELEMENTS (KOHA) |
| Source of classification or shelving scheme |
|
| Item type |
Books |